000 00334 a2200169 4500
001 163154
020 _a85-02-01524-9
040 _cMagnum
100 _aBraz, Julio Emilio
240 1 0 _aRua 46
_lpor
245 1 0 _aRua 46
300 _a131
362 0 _a1997
440 1 _aSaraiva
697 _aLITERATURA JUVENIL
942 _cBK
999 _c163154
_d163154